[Event "Olympiad-33"]
[Site "Elista"]
[Date "1998.10.10"]
[Round "11.3"]
[White "Seirawan, Yasser"]
[Black "Speelman, Jonathan S"]
[Result "1-0"]
[WhiteElo "2630"]
[BlackElo "2600"]
[Annotator "Ribli,Z"]
[PlyCount "56"]
[EventDate "1998.09.29"]
[EventType "team-swiss"]
[EventRounds "13"]
[EventCountry "RUS"]
[SourceTitle "CBM 068"]
[Source "ChessBase"]
[SourceDate "1999.02.01"]
[SourceVersion "1"]
[SourceVersionDate "1999.02.01"]
[SourceQuality "1"]
[WhiteTeam "US of America"]
[BlackTeam "England"]
[WhiteTeamCountry "USA"]
[BlackTeamCountry "ENG"]

{[%mdl 2112]} 1. d4 {Speelman,J} g6 2. e4 Bg7 3. c4 d6 4. Nc3 Nc6 {Die
Königsindische Verteidigung, die nach 4..Nf6 auf dem Brett wäre, spielt
Speelman nicht, so daß er Alternativen finden muß. Ribli.} 5. Be3 (5. d5 Nd4 6.
Be3 c5 7. Nge2 Qb6 8. Nxd4 cxd4 9. Na4 dxe3 10. Nxb6 exf2+ 11. Kxf2 axb6 $44 {
[%csl Gg7]}) 5... e5 6. d5 Nce7 (6... Nd4 7. Nge2 Nxe2 8. Bxe2 $14 {Weiß hat
eine sehr bequeme Stellung. Der g7-Läufer ist eingeschlossen und Weiß
beherrscht das Zentrum.}) 7. g4 f5 {Die andere Hauptvariante wäre 8.gxf5 gxf5
9.Qh5 Ng6 10.gxf5 Qh4.} 8. f3 Nh6 $146 {Schwarz kontrolliert den g4-Bauern und
er kann eventuell auch ...Nf7 ziehen.} (8... Nf6 9. h3 h5 10. gxf5 gxf5 11. Bd3
f4 12. Bf2 Nh7 13. Qc2 Bf6 14. O-O-O Rg8 15. c5 Bd7 16. Kb1 Kf7 17. h4 Ng6 18.
Nge2 Bxh4 19. Bxh4 Nxh4 20. Nxf4 exf4 21. e5 dxe5 22. Bxh7 Rg2 23. Qd3 Kg7 24.
Be4 Qg5 {0-1 Peev,P-Nikolic,S/Belgrade 1991/EXT 97 (39)}) (8... Bh6 9. g5 (9.
Bxh6 Nxh6 10. h3 c5 11. Qd2 Nf7 12. Bd3 h5 13. gxf5 gxf5 14. O-O-O f4 15. h4 a6
{0-1 Peev,P-Pinter,J/Stary Smokovec 1974/MCD (59)}) 9... Bg7 10. h4 h6 11. Nh3
hxg5 12. hxg5 Bd7 13. Qb3 b6 14. a4 a5 15. Nb5 Nc8 16. Nf2 Rxh1 17. Nxh1 f4 18.
Bd2 Na7 19. Nf2 Nxb5 20. axb5 Qxg5 21. Qd1 Rc8 22. Ke2 Nf6 {0-1 Fedorowicz,
J-Seirawan,Y/San Mateo 1989/EXT 97 (52)}) 9. Be2 Nf7 10. h4 Ng8 $6 {'!?'
Speelman,J.} (10... Bh6 $5 {Schwarz provoziert den Zug 11.g5, nach dem Weiß
wegen der Schwächung des Bauern g5 nicht mehr so einfach h4-h5 folgen lassen
könnte.}) 11. exf5 $1 (11. Qd2 fxg4 12. fxg4 Nf6 13. Qd1 (13. g5 Ng4 $11) 13...
Qd7 {[%csl Rg4] '!' Speelman,J.} 14. g5 Ng4 $11) 11... gxf5 12. Qd2 Nf6 (12...
f4 $2 {[%csl Ye4,Rg7] Das wäre ein schwerer positioneller Fehler, denn Weiß
bekommt das Feld e4.} 13. Bf2 $16) 13. gxf5 Bxf5 $6 (13... Nh5 $5 $13 {[%cal
Gh5g3,Gg3h1,Gg3f5]}) (13... Nh5 {Speelman,J}) 14. Nh3 $14 {[%csl Ye4,Ye6,Rg7]
[%cal Gh3g5,Gg5e6] Weiß hat Raumvorteil und starke Kontrolle über die weißen
Felder.} e4 $5 {Schwarz muß sich mit diesem Zug beeilen, sonst kommt Ng5.} 15.
Ng5 $1 (15. Rg1 {Speelman,J}) 15... Qe7 (15... exf3 16. Nxf3 $14 {[%csl Yd4,
Ye6][%cal Gf3d4] Weiß kontrolliert mehr Raum und sein Springer f3 hat eine
rosige Zukunft.} Ne4 17. Nxe4 Bxe4 18. O-O-O $14) 16. Nxf7 Kxf7 (16... exf3 $6
17. Nxh8 fxe2 18. Bg5 $16) 17. fxe4 Nxe4 18. Nxe4 Qxe4 19. O-O $1 $16 {'!'
Speelman,J.} (19. Rf1 Rhe8 $1 20. Bh5+ Kg8 21. Bxe8 Rxe8 $44 {[%csl Re1,Ge4,
Ge8,Gf5,Gg7]}) 19... Rhg8 $2 {Das ist ein Fehler, aber mit beschränkter
Bedenkzeit ist es nicht leicht, den richtigen Zug in einer so komplitzierten
Stellung zu finden.} (19... Rag8 $8 {[%cal Gg8g1]} 20. Bh5+ Kf8 $5 (20... Ke7
21. Bg5+ Kd7 22. Rf4 Bd4+ (22... Qd3 23. Qxd3 (23. Rxf5 $2 Qxd2 24. Bxd2 Bxb2+
$17 {[%cal Rb2a1,Rg8g1]}) 23... Bxd3 24. Bg4+ Ke8 25. Re1+ Be5 26. Bf6 h5 27.
Bxh8 $16) 23. Qxd4 Qxd4+ 24. Rxd4 h6 25. Rf1 Bh3 (25... hxg5 26. Bf7 $1 gxh4+
27. Bxg8 Rxg8+ 28. Kh2 $18) 26. Rf7+ Kc8 27. Bg4+ Bxg4 28. Rxg4 hxg5 29. Rxg5
$16 {'+-' Speelman,J.} (29. hxg5 {Speelman,J})) 21. Rxf5+ Qxf5 22. Bg5 h6 23.
Rf1 {[%cal Rf1f8]} Qxf1+ 24. Kxf1 hxg5 25. Qxg5 (25. Qf2+ $2 Ke7 26. Qf7+ Kd8
27. Bg4 $4 Rf8 $19 {[%cal Rf8f1]}) 25... Be5 $1 (25... Bxb2 $2 26. Qd8+ Kg7 27.
Qxc7+ Kh6 28. Bf7 $18) 26. Qf5+ Ke7 27. Qe6+ Kd8 28. Bg4 Rxg4 29. Qxg4 Bxb2 $16
{Weiß hat Materialsvorteil und den starken h-Bauern, aber Schwarz besitzt
Rettungchancen.}) (19... Kg8 20. Rf4 Qc2 21. Qxc2 Bxc2 22. Bg4 {[%csl Rg8]
[%cal Rg4e6,Re6g8]} h5 23. Be6+ Kh7 24. Rf7 $16 {[%csl Ge6,Gf7,Rg7,Rh7]}) (
19... Bf6 20. Bh5+ Bg6 21. Rxf6+ Kxf6 22. Bd4+ Kf7 23. Qf2+ Kg8 24. Qf6 {
[%csl Rg8][%cal Rf6g7]} Qxd4+ 25. Qxd4 Bxh5 26. Kh2 {[%cal Ra1g1,Rg1g8]} Bg6
27. Rg1 Kf7 28. h5 $18) (19... Be5 20. Rxf5+ Qxf5 21. Rf1 $18) 20. Bh5+ Kf8 21.
Rxf5+ $1 Qxf5 22. Bg5 $1 $18 {[%csl Rf5,Rf8][%cal Ra1f1,Rf1f8] '+-' Speelman,J.
[#]} (22. Rf1 $4 Bd4+ $19 {[%csl Gf5,Rg1][%cal Rg8g1]}) 22... Be5 (22... Qe5
23. Rf1+ Bf6 24. Kh1 {'+-' Speelman,J.} (24. Qf4 $18 {Speelman,J}) 24... Qe4+
25. Kh2 Qe5+ 26. Kh3 $18) 23. Rf1 {[%cal Rf1f8] Mit diesem Zug gewinnt Weiß
Material.} Qxf1+ 24. Kxf1 Kg7 25. Be7 $1 Kh8 26. Qh6 Bg7 (26... Rg7 27. Bf6
Bxf6 (27... Rf8 28. Qxg7# $18) 28. Qxf6 Kg8 29. Bg4 $18 {[%cal Rg4e6]}) 27. Qe6
Bxb2 28. Bf7 Rg3 {Und Schwarz gab in hoffnungsloser Stellung auf. Eine von
Seirawan gut gespielte Partie!} (28... Rg3 29. h5 $18 (29. Bf6+ Bxf6 30. Qxf6+
Rg7 31. Be6 $18 (31. h5 $2 Rf8 32. h6 $2 Rfxf7 33. hxg7+ Kg8 $19))) 1-0

[Event "Reykjavik Summit"]
[Site "Reykjavik"]
[Date "1990.??.??"]
[Round "?"]
[White "Suba, Mihai"]
[Black "Azmaiparashvili, Zurab"]
[Result "1-0"]
[WhiteElo "2505"]
[BlackElo "2610"]
[Annotator "Ribli,Z"]
[PlyCount "115"]
[EventDate "1990.03.??"]
[EventType "team"]
[EventRounds "6"]
[EventCountry "ISL"]
[SourceTitle "CBM 018"]
[Source "ChessBase"]
[SourceDate "1990.10.01"]
[SourceVersion "1"]
[SourceVersionDate "1990.10.01"]
[SourceQuality "1"]

1. d4 d6 2. c4 g6 3. Nc3 Bg7 4. e4 e5 5. dxe5 $1 dxe5 6. Qxd8+ Kxd8 7. f4 Be6 {
7...Nd7 8.Nf3, c6 9.g3, Ne7? (9...Ngf6! 10.Bh3, Re8 11.0-0, h6 Vaiser-Sirov
Beograd 1988 i 47/(76)) 10.Be3 +/= Vaiser-Danner Ptuj 1989 i 47/(76) 7...Nc6 8.
Nf3, Nd4 9.Kf2 Flear,G-Ivkov,B Dortmund-B 1989 CBM/13} 8. Nf3 Nd7 9. Be2 Ne7
10. O-O h6 11. Rd1 exf4 12. Bxf4 g5 13. Bg3 Ng6 14. Rd2 c6 15. Nd4 {/\ Nxe6,
Rad1} Bxd4+ 16. Rxd4 Ke7 17. Bd6+ Kf6 18. Rf1+ Kg7 19. c5 b6 20. cxb6 axb6 21.
a3 Nde5 22. Rb4 b5 23. Rd1 Rhc8 24. a4 $1 bxa4 25. Nxa4 {/\ Nc5} Rxa4 26. Rxa4
Bb3 27. Rda1 Bxa4 28. Rxa4 Kf6 29. g3 Nf8 $2 {>= 29...Ke6} 30. Bb4 $1 Ne6 31.
Bc3 $1 {+/-} Rd8 32. Kf2 Nc5 {32...c5 33.Ra6 +/-} 33. Rc4 Nb7 34. Rxc6+ Rd6 35.
Rc7 Nd8 36. Rc5 Ndc6 37. Ke3 Ke6 38. b4 f6 39. b5 Nb8 40. Rc7 Nbd7 41. Bb4 Rb6
42. g4 Kf7 43. Kd4 Ke8 44. Kd5 Ng6 45. Rc8+ Kf7 46. Kd4 Nge5 47. Rc7 Ke8 48. h3
Rb8 49. Bd6 Rd8 50. Bc4 Ra8 51. Bd5 Ra4+ 52. Kc3 Kd8 53. Bb7 Nb6 54. Rh7 Ke8
55. Bxe5 fxe5 56. Rxh6 Ra3+ 57. Kb4 Ra4+ 58. Kb3 1-0

[Event "Gelsenkirchen"]
[Site "Gelsenkirchen"]
[Date "1991.??.??"]
[Round "?"]
[White "Zueger, Beat"]
[Black "Baumhus, Reinhard"]
[Result "1-0"]
[WhiteElo "2425"]
[BlackElo "2405"]
[Annotator "Ribli,Z"]
[PlyCount "64"]
[EventDate "1991.05.??"]
[EventType "tourn"]
[EventRounds "11"]
[EventCountry "GER"]
[EventCategory "8"]
[SourceTitle "CBM 025"]
[Source "ChessBase"]
[SourceDate "1991.12.01"]
[SourceVersion "1"]
[SourceVersionDate "1991.12.01"]
[SourceQuality "1"]

1. c4 d6 2. Nc3 g6 3. d4 Nd7 4. e4 e5 5. Nf3 Bg7 6. Be2 Nh6 7. h4 f6 8. h5 g5
$2 (8... Nf7 9. Be3 c6 10. Qd2 f5 11. g3 Nf6 12. hxg6 hxg6 13. Rxh8+ Bxh8 14.
Ng5 Qe7 15. O-O-O Nxe4 16. Ngxe4 fxe4 17. d5 c5 18. Rh1 $14 {Sher,M-Supancic,D
Maribor 1990 EXP/20}) (8... c6 9. d5 Nf7 10. Nh4 Nf8 11. g3 c5 12. Be3 f5 13.
exf5 gxf5 14. Qc2 Qf6 15. g4 $1 fxg4 16. Ne4 Qd8 17. O-O-O $146 {
Legkij-Vujadinovic Vrnjacka Banja op 1989 47/77}) 9. d5 a5 10. Be3 Nc5 11. Qd2
O-O 12. Nh2 Bd7 13. g4 $1 $16 Nf7 14. Nf1 c6 15. Bxc5 dxc5 16. O-O-O Re8 17.
Ng3 h6 18. Qe3 Bf8 19. Rd2 cxd5 20. Nxd5 Nd6 21. Rhd1 Ba4 22. b3 Bc6 23. Qf3
Re6 24. a4 Bxd5 25. Rxd5 Qb6 26. Nf5 Rd8 27. Kb2 Nf7 28. Qd3 Rxd5 29. cxd5 Re8
30. d6 Rd8 31. Qc4 Qc6 32. Qe6 Qd7 1-0

[Event "Rimavska Sobota"]
[Site "Rimavska Sobota"]
[Date "1991.??.??"]
[Round "2"]
[White "Molnar, Vojtech"]
[Black "Poley, Vladimir"]
[Result "0-1"]
[WhiteElo "2300"]
[BlackElo "2445"]
[Annotator "Ribli,Z"]
[PlyCount "134"]
[EventDate "1991.05.??"]
[EventType "tourn"]
[EventRounds "13"]
[EventCountry "CSR"]
[EventCategory "9"]
[SourceTitle "CBM 024"]
[Source "ChessBase"]
[SourceDate "1991.10.01"]
[SourceVersion "1"]
[SourceVersionDate "1991.10.01"]
[SourceQuality "1"]

1. d4 g6 2. c4 Bg7 3. Nc3 d6 4. e4 Nc6 5. Be3 e5 6. d5 (6. dxe5 $5 dxe5 7.
Qxd8+ Kxd8 8. O-O-O+ Bd7 9. Nf3 Ke8 10. Be2 Bh6 11. Nb5 Rc8 12. Ng5 Nf6 13. Bf3
a6 14. Nc3 Nd8 15. Kb1 Bg4 16. Nd5 $1 $16 {Denker,A-Johansson,J Dieren op 1990
EXP/19}) 6... Nce7 7. c5 (7. g4 $5 Nf6 8. h3 c5 9. Bd3 a6 10. Rb1 O-O 11. Nge2
Bd7 12. b4 b6 13. Ng3 $14 {Lutz,C-Stangl,M Wildbad 1990 CBM/20}) 7... f5 (7...
Bh6 8. cxd6 cxd6 9. Bxh6 Nxh6 10. h4 f5 11. h5 g5 12. Nf3 Nf7 13. Bb5+ Kf8 14.
Qe2 f4 15. Nh2 Ng8 16. g3 Nf6 17. O-O-O a6 18. Bd3 Bd7 19. Kb1 Rc8 20. Rc1 $13
{Ivanov,MD-Cybulak,A Moscow2 1991 EXP/21}) 8. cxd6 cxd6 9. Bb5+ Kf8 10. f3 Bh6
11. Bf2 Nf6 12. h3 Kg7 13. Nge2 Rf8 14. Ng3 Rf7 15. Qb3 Qa5 16. Bd3 fxe4 17.
fxe4 Nd7 18. O-O a6 19. Qc2 Ng8 20. Kh1 Qd8 21. Bg1 Rxf1 22. Rxf1 Ngf6 23. Qe2
Nc5 24. Bc2 a5 25. a3 b6 26. Rf3 Ba6 27. Qe1 Ra7 28. Be3 Bxe3 29. Qxe3 Bc8 30.
Qf2 Rf7 31. Ba4 h5 32. Bc6 Qf8 33. Bb5 h4 34. Nf1 g5 35. Qe3 Kg6 36. Be2 g4 37.
hxg4 Nxg4 38. Rxf7 Qxf7 39. Qf3 Qxf3 40. gxf3 Nf2+ 41. Kg2 Nh3 42. Ne3 Nf4+ 43.
Kf2 Nxe2 44. Kxe2 b5 45. Kf2 Bd7 46. b4 axb4 47. axb4 Nd3+ 48. Kg2 Nxb4 49. Nf5
Nd3 50. Nxd6 b4 51. Nb1 b3 52. Nc4 b2 53. Nc3 Kg5 54. Kh2 Kf4 55. Nd2 Ke3 56.
Ncb1 Kf2 57. Nc3 Ne1 58. Nd1+ Ke2 59. Nxb2 Kxd2 60. Nc4+ Ke2 61. Nxe5 Nxf3+ 62.
Nxf3 Kxf3 63. e5 Bf5 64. e6 Kg4 65. e7 Bd7 66. Kg2 h3+ 67. Kh2 Kh4 0-1

[Event "Taastrup"]
[Site "Taastrup"]
[Date "1990.??.??"]
[Round "6"]
[White "Schandorff, Lars"]
[Black "Hoi, Carsten"]
[Result "1/2-1/2"]
[WhiteElo "2445"]
[BlackElo "2445"]
[Annotator "Ribli,Z"]
[PlyCount "53"]
[EventDate "1990.02.??"]
[EventType "tourn"]
[EventRounds "9"]
[EventCountry "DEN"]
[EventCategory "9"]
[SourceTitle "CBM 020"]
[Source "ChessBase"]
[SourceDate "1991.02.01"]
[SourceVersion "1"]
[SourceVersionDate "1991.02.01"]
[SourceQuality "1"]

1. d4 d6 2. c4 g6 3. Nc3 Bg7 4. e4 Nc6 5. Be3 Nf6 6. d5 Ne5 7. h3 O-O 8. Be2 c6
9. Nf3 (9. f4 $5) 9... Nxf3+ 10. Bxf3 cxd5 11. cxd5 Bd7 12. O-O Qa5 13. Qb3
Rfc8 14. Rfc1 Rc7 15. a3 Ne8 16. Be2 Rac8 17. Qb4 $5 b6 $1 18. Bd2 Nf6 19. Bd3
Qc5 20. Be3 Qa5 21. Qxa5 bxa5 22. Ne2 Ne8 23. Rxc7 Rxc7 24. Bd4 Bxd4 25. Nxd4
Rb7 26. Rb1 Nc7 27. b4 1/2-1/2

[Event "GRE-GER m"]
[Site "Corfu"]
[Date "1999.10.12"]
[Round "1"]
[White "Huebner, Robert"]
[Black "Nikolaidis, Ioannis"]
[Result "1-0"]
[WhiteElo "2599"]
[BlackElo "2505"]
[Annotator "Ribli,Z"]
[PlyCount "49"]
[EventDate "1999.10.12"]
[EventType "schev"]
[EventRounds "5"]
[EventCountry "GRE"]
[SourceTitle "CBM 074"]
[Source "ChessBase"]
[SourceDate "2000.02.01"]
[SourceVersion "1"]
[SourceVersionDate "2000.02.01"]
[SourceQuality "1"]

{[%mdl 132]} 1. d4 g6 2. c4 Bg7 3. Nc3 d6 4. e4 f5 $6 {Wir können diese
Variante nach dem ungarischen Grossmeister Bilek benennen, da er in den 60er
Jahren diese Fortsetzung gern spielte. (z.B. Gufeld-Bilek, Kecskemet 1968,
Portisch-Bilek, Sousse 1967, Langeweg-Bilek, Lugano ol 1968, Polugaevsky-Bilek,
Lipeck1968) Aber mir gefällt diese Fortsetzung nicht, da die schwarze
Königsstellung geschwächt wird.} 5. exf5 (5. Nf3 Nh6) 5... Bxf5 6. Nge2 $1 {
Das ist die chancenreichste Figurenentwicklung für Weiss. Im folgenden kann er
entweder g3 und Bg2 spielen oder mit h3-g4 fortsetzen.} (6. Bd3 Bxd4 $5 (6...
Bxd3 7. Qxd3 Nc6 8. Nf3 Qd7 9. O-O O-O-O 10. d5 Ne5 11. Nxe5 Bxe5 12. Nb5 a6
13. Nd4 Bxd4 14. Qxd4 Nf6 15. Qa7 Qg4 16. b3 Nd7 17. Be3 Nb8 18. Qa8 b6 19. a4
a5 20. b4 axb4 21. a5 b3 22. a6 b2 23. Qb7+ {1-0 Quinteros,M-Campos,J/San
Isidoro 1993/EXT 98 (23)}) 7. Bxf5 Bxc3+ 8. bxc3 gxf5 9. Qh5+ (9. Rb1 Nf6 10.
Bh6 Qd7 11. Bg7 Rg8 12. Bxf6 Qe6+ 13. Ne2 exf6 14. O-O Nc6 15. Nd4 Nxd4 16. Re1
{1-0 Niklasch,O-Ditzler,J/Biel 1998/EXT 99 (25)}) 9... Kd7 10. Qxf5+ e6 11. Qd3
Qf6 12. Nf3 Nc6 13. c5 Qg6 14. Qd1 Qe4+ 15. Be3 Nge7 16. cxd6 cxd6 17. Qb3 Na5
18. Qb5+ Nec6 19. O-O-O a6 20. Qc5 d5 21. Ng5 Qc4 {1/2-1/2 Portisch,L-Bilek,I/
Sousse 1967/IZT (21)}) (6. Nf3 Nh6 7. Be2 O-O 8. O-O $14) 6... Nh6 (6... Na6 7.
Ng3 Bd7 8. h4 c5 9. d5 Nh6 10. h5 Nf5 11. Nxf5 gxf5 12. h6 Bxc3+ 13. bxc3 Qa5
14. Qh5+ Kd8 15. Bd2 Kc7 16. Bd3 Raf8 17. O-O Rhg8 18. Rfe1 {1-0 Gerard,
N-Welling,G/Groningen 1996/EXT 98 (18)}) (6... Nc6 7. d5 Ne5 8. Nd4 Qd7 9. Nxf5
Qxf5 10. Be2 a6 11. f4 Nd7 12. O-O Nc5 13. g4 Qd7 14. g5 Qf5 15. Be3 Ne4 16.
Bd4 Nxc3 17. bxc3 Bxd4+ 18. Qxd4 e5 19. dxe6 Qc5 20. f5 gxf5 21. Bh5+ Ke7 22.
Rxf5 Qxd4+ 23. cxd4 {1-0 Liew,C-Aryanejad,H/Erevan 1996/EXT 97 (23)}) (6... Nf6
7. d5 O-O 8. Nd4 Bd7 9. Be2 c6 10. O-O Na6 11. Bf3 c5 12. Nc2 Rf7 13. Ne3 Kh8
14. Bd2 Qg8 15. Qc2 {1-0 Meessen,R-Renet,J/BEL 1997/EXT 98 (30)}) 7. h3 $5 {
Weiss bereitet den "Raumgewinnzug" g2-g4 vor, wonach die schwarzen Figuren am
Königsflügel (Bf5, Nh6) unglücklich stehen.} (7. g3 O-O 8. Bg2 Nc6 9. O-O Qd7
10. d5 Ne5 11. b3 Bg4 12. Bxh6 Bxh6 13. f4 Nf7 14. Qd2 c5 15. Rae1 a6 16. a4 b6
17. Nc1 Bg7 18. Nd3 Ra7 19. Nf2 Bf5 20. Bf3 Nh6 21. Nfe4 Qd8 22. Ng5 {1-0 Haik,
A-Pytel,K/Le Havre 1977/EXT 99 (35)}) 7... O-O 8. Be3 Nc6 9. g4 $14 {Weiss hat
angenehmes Spiel - er kann den Läufer nach g2 entwickeln und mit Qd2 (mit
Tempo) und 0-0-0 eine starke Angriffstellung sofort nach der Eröffnung
erreichen.} Bd7 10. Qd2 Nf7 11. O-O-O a6 {[%cal Gb7b5] Schwarz bereitet den
Zug b7-b5 vor,mit Gegenspiel am Damenflügel.} (11... e5 12. f4 $14 (12. d5 Ne7
13. Bg2 $14)) 12. f4 Na5 (12... b5 13. Ng3 $36) 13. Ng3 (13. b3 $6 b5 $132)
13... b5 14. f5 $5 {Weiss opfert einen Bauern, bekommt aber starke Initiative
am Königsflügel.} (14. c5 dxc5 (14... Nc4 15. Bxc4 bxc4 16. Qe2 $16 {[%csl Rc4]
[%cal Re2c4]}) 15. dxc5 Bc6 $132) 14... Nxc4 15. Bxc4 bxc4 16. Qc2 $44 {
[%csl Rg6][%cal Rc2h7] Schwarz hat einen Bauern mehr, aber sein König findet
keine Ruhe.} gxf5 (16... g5 17. h4 $40 {[%csl Rg8]}) 17. Nxf5 Bxf5 $6 {Es ist
wahr, dass der Springer sehr gefährlich auf f5 war, aber nach der
Partiefortsetzung wird die g-Linie geöffnet.} (17... e6 18. Nxg7 Kxg7 19. g5
$44 {[%csl Yf6][%cal Gc3e4,Ge4f6,Gh3h4,Gh4h5] Die schwarzen Punkte sind
fühlbar schwach in der schwarzen Stellung und der König steht schlecht auf g7.}
) 18. gxf5 {[%cal Gh1g1,Gg1g8]} Nh6 $6 {Schwarz ist optimistisch - er greift
den f5P an.} (18... Kh8 $5 {Dieser Zug erscheint mir logischer zu sein -
eventuell kann Schwarz Bh6 ziehen.} 19. Rhg1 $44) 19. Rdf1 Qd7 20. Rhg1 $16
Nxf5 {Es scheint, dass Schwarz - mit zwei Bauern mehr - sehr gut steht, aber
in Wirklichkeit kann er die Partie nicht mehr retten.} (20... Kh8 21. Rxg7 Kxg7
22. Qg2+ $18) 21. Qg2 {[%csl Rg7,Rg8][%cal Rg1g8,Gg2a8,Rf1f5]} e6 {[#]} 22.
Rxf5 $1 {Eine unangenehme Ueberraschung für Schwarz - er kann nicht 22...Rxf5
spielen und den g7B mit 23...Rf7 verteidigen, da der Turm auf a8 hängt.} exf5
23. Bh6 $18 f4 24. Bxg7 {[%csl Rg8][%cal Rg1g8]} f3 25. Qg3 1-0

[Event "Platonov Memorial"]
[Site "Kiev"]
[Date "1995.??.??"]
[Round "3"]
[White "Komarov, Dimitri"]
[Black "Nikolaevsky, Yuri V"]
[Result "1-0"]
[WhiteElo "2575"]
[BlackElo "2405"]
[Annotator "Ribli,Z"]
[PlyCount "107"]
[EventDate "1995.??.??"]
[EventType "tourn"]
[EventRounds "13"]
[EventCountry "UKR"]
[EventCategory "10"]
[SourceTitle "CBM 051"]
[Source "ChessBase"]
[SourceDate "1996.04.01"]
[SourceVersion "1"]
[SourceVersionDate "1996.04.01"]
[SourceQuality "1"]

1. d4 g6 2. e4 Bg7 3. c4 d6 4. Nc3 Nc6 5. d5 Nd4 6. Be3 (6. Nge2 c5 7. Nxd4
cxd4 8. Nb5 Qb6 9. c5 $1 dxc5 10. Bf4 Kf8 11. Bc7 Qf6 12. Rc1 b6 13. Bd3 Bh6
14. f4 Qh4+ 15. g3 Qh3 16. Qf3 Ba6 17. Be5 $44 {Glepke,P-Cifuentes Parada/
Groningen op/1991/EXP26/}) 6... c5 7. Nge2 Qb6 8. Na4 Qa5+ 9. Bd2 Qa6 10. Nec3
(10. Nxd4 $5) 10... Bd7 11. Bd3 b6 $6 $146 {Mit diesem Neuerung will Schwarz
am Damenfluegel spielen und bleibt sein Koenigsfluegel unentwickelt.} (11...
Nf6 12. O-O O-O 13. h3 $10 {Parma} (13. a3 $2 Ng4 $1 14. f4 f5 15. exf5 Bxf5
16. Bxf5 gxf5 17. b3 b5 $17 {Keene,R-Bilek,I/Teesside/1972INF13,167/})) 12. O-O
Qb7 13. Rb1 $1 {Weiss ist auch bereit am Damenfluegel zu spielen, aber er hat
schon seinen Koenig in Sicherheit gebracht.} a6 $6 {Der Nachziehende folgt
konsequent seinem falschen Plan weiter.} (13... Nf6 $5) 14. b4 cxb4 15. Rxb4 b5
16. cxb5 axb5 17. Bxb5 $5 {[#]} (17. Qb1 $5) 17... Bxb5 (17... Nxb5 18. Nxb5
Bxb5 19. Qb1 Qa6 (19... Ra5 20. Nc3 Bxc3 21. Bxc3 Nf6 22. a4 $18) 20. Rxb5 Qxa4
21. Rb8+ Rxb8 22. Qxb8+ Kd7 23. Rc1 $18) 18. Nxb5 Nxb5 19. Nc3 $4 {[#]
Unglaublicher Fehler!} (19. Qb1 $1 {[#]} Rb8 (19... Ra5 20. Rb3 $1 Rxa4 21.
Rxb5 Qa6 22. Rb6 Qc4 (22... Qe2 23. Rb8+ Kd7 24. Qb7#) 23. Rb8+ Kd7 24. Qb7+
Qc7 25. Qb5+ $18) 20. Nc3 Bxc3 21. Bxc3 Nf6 (21... Nxc3 22. Rxb7 Nxb1 23. Rxb8+
Kd7 24. Rfxb1 $18) 22. a4 $18) 19... Nf6 $4 {[#] Schwarz macht auch grober
Fehler.} (19... Bxc3 $1 20. Bxc3 Nxc3 21. Qd4 Ne2+ $19) (19... Nxc3 $2 20. Bxc3
$18) 20. Rxb5 {Weiss hat einen gesundheiten Mehrbauern.} Qd7 21. Qb3 O-O 22.
Rb7 Qd8 23. Re1 Nd7 24. Na4 Bd4 (24... Rxa4 25. Qxa4 Nc5 26. Qb5 Nxb7 27. Qxb7
$16) 25. h3 Bf6 26. Rc1 Ra6 27. Rc6 $1 Rxa4 28. Qxa4 Nc5 29. Rxc5 dxc5 30. Bh6
Qc8 (30... Bg7 31. Be3 $18 (31. Bxg7 Kxg7 32. Qa7 $18)) 31. Bxf8 Qxb7 32. Bh6
Qb1+ 33. Kh2 Qb8+ 34. g3 Be5 35. Kg2 f6 36. Be3 $6 (36. Qd7 $1 Bd6 37. Qe6+ Kh8
38. a4 c4 39. a5 c3 40. a6 c2 41. Qf7 Qg8 42. Qxg8+ Kxg8 43. a7 $18) 36... Bd6
37. Qc4 Kf7 38. Qb3 Qc8 39. Qc4 Qb7 40. Bf4 Ke8 41. Be3 Qb6 42. Qa4+ Kd8 43.
Qa8+ Kd7 44. Bd2 {/\ Ba5} Bc7 45. Qa4+ Kd8 46. Bc3 g5 47. Qa8+ Kd7 48. Qh8 Qb1
49. Qxh7 Qxa2 50. Bxf6 Bd6 51. Bxg5 c4 52. Qf5+ Kc7 53. e5 Bc5 54. Qf7 {Ribli}
1-0